Calciatori belgi nella Squadra della stagione dell'Europa League - Statistics

Statistiche generali
  • Questo quiz è stato fatto 2 volte
  • Il punteggio medio è 4 su 5
Statistiche sulle risposte
Numero apparizioni Edizioni apparizioni Squadra Calciatore % Corretto
1 2018-2019 Chelsea Eden Hazard
100%
1 2014-2015 Wolfsburg Kevin De Bruyne
100%
1 2019-2020 Inter Romelu Lukaku
100%
1 2015-2016 Tottenham Toby Alderweireld
50%
1 2016-2017 Anderlecht Youri Tielemans
0%
Nessun quiz corrispondente trovato
Distribuzione punteggi
Percentuale di utenti per punteggio
Percentile per numero di risposta
I tuoi punteggi nel tempo
Non hai fatto questo quiz